Statistics for Countries Closest to Barbados

Click here to take the quiz!

General Stats

  • This quiz has been taken 2,032 times
  • The average score is 18 of 20

Answer Stats

kmcountrymiles% Correct
1722Cuba1070
95%
276Dominica172
94%
1097Dominican Republic682
93%
1401Haiti870
93%
1844Jamaica1146
93%
525Saint Kitts and Nevis326
93%
145Saint Lucia90
93%
158Saint Vincent and
the Grenadines
98
93%
1252Colombia778
91%
217Trinidad and Tobago135
91%
357Venezuela222
91%
1669Bahamas1037
90%
869Brazil540
90%
507Guyana315
90%
467Antigua and Barbuda290
89%
201Grenada125
89%
833Suriname517
89%
2001Panama1243
86%
2269Ecuador1410
71%
2112Peru1312
67%

Score Distribution

Percentile by Number Answered

Percent of People with Each Score

Your Score History

You have not taken this quiz